000 00432nam a2200145 i 4500
001 23531
003 ES-MaACL
005 20230906152905.0
007 t|
008 021211s1903 sp ||||1| spa d
100 1 _aAmador y Carrandi, Ernesto.
_921093
245 1 0 _aOrigen del hombre y de su aparición en Europa
_b: discurso /
_cErnesto Amador y Carrandi.
260 _aSalamanca :
_b[s.n.],
_c1903.
852 _aES-MaACL
_jT-1041-F-1
999 _c23531
_d23531